| 000 | 01975nam a2200433 c 4500 | ||
|---|---|---|---|
| 003 | BLK | ||
| 005 | 20250801094635.0 | ||
| 008 | 180408b bul|||||r ||||||| ||bul|| | ||
| 010 | _aKNG00095218000 | ||
| 020 | _a954-657-072-9 | ||
| 020 | _a9789546570727 | ||
| 040 | _aBLK | ||
| 041 |
_aBUL _cBUL |
||
| 080 |
_aАмериканска литература (на САЩ) _b821.111(73) _x-93-32 _z821.111(73)-93-32 |
||
| 100 | 1 |
_aБаум, Лиман Франк _eпърви автор _9372535 |
|
| 139 |
_aБаум, Лиман Франк _bБ 29 |
||
| 245 | 1 | 0 |
_aВълшебникът от Оз _cЛиман Франк Баум; прев. Екатерина Димчева; ил. Уилям Денслоу. |
| 250 | _aНово изд. | ||
| 257 | _aUSA | ||
| 260 |
_bПАН _c2007 _fСофия : Инвестпрес _aСофия |
||
| 300 |
_a176 с. _bс ил. _c20 см |
||
| 380 | _aDX | ||
| 490 |
_aВечните детски романи _9201472 |
||
| 490 | 1 |
_aОт Алиса до Ян Бибиян _v2 |
|
| 500 | _aОриг. загл. The Wonderful Wizard of OZ / L. Frank Baum. - 1. изд. 1967 с худож. Любен Зидаров на изд. Нар. младеж в Златна библ. Избрани творби за деца и юноши ; Кн. 13.- На кор. означено Вечните детски романи. - За автора и книгата. Доп. тир. 2018 | ||
| 653 | _aприказни повести | ||
| 653 | _aлитература за деца | ||
| 653 | _aдетска литература | ||
| 700 | 1 |
_aДимчева, Екатерина _eпрев. _9304014 |
|
| 700 | 1 |
_aДенслоу, Уилям _eил. _959988 |
|
| 852 | _aЦб 247555 | ||
| 856 | 4 | _qpdf | |
| 856 | 4 | _qpdf | |
| 942 |
_cKNG _n0 _0292 _s1 |
||
| 944 |
_aCR _c09.04.2010 _lАнна Гръцманова _k30564 |
||
| 944 |
_aED _c02.01.2018 _lф / _kЛюдмила_Стоянова |
||
| 999 |
_c90476 _d90476 |
||
| 999 | _d90476 | ||
| 999 | _d90476 | ||